000 00302nam a22001217a 4500
008 180606b xxu||||| |||| 00| 0 eng d
041 _aeng
080 _a043.3
100 _a0
101 _aSHKI-BA
245 _aImplementimi i Voice Over IP (VolP) ne Ministrine e Arsimit
_cTolaj, I
942 _2udc
_cBK
999 _c46470
_d46470